| 000 | 01170nam a2200229 a 4500 | ||
|---|---|---|---|
| 001 | 000046329 | ||
| 005 | 20201002052807.0 | ||
| 008 | 090723s1998 sp ac r 000 0 spa d | ||
| 020 | _z8489140111 | ||
| 040 |
_aDO-SdBNP _bspa _cBNPHU |
||
| 082 |
_axxxxx _bxxx |
||
| 245 | 1 | 3 |
_aLa sagrada biblia : _btexto de la edición impresa en 1884 traducida de la Vulgata Latina al español / _ctexto Félix Torres Amat; introducción y texto Nihil Obstat; ilustración Rosa María Escartín. |
| 260 |
_aBarcelona : _bNauta, _c1998. |
||
| 300 |
_a16, 1324 p. : _bil., retrato ; _c25 cm. |
||
| 500 | _a32 ilustraciones a todo color y comentadas con numerosas citas de los textos sagrados. | ||
| 500 | _aIncluye diccionario bíblico e índice de referencias. | ||
| 500 | _aIncluye índice de los textos bíblicos. | ||
| 500 | _aAclarado el sentido de algunos lugares con la luz que dan los textos originales hebreo y griego, e ilustrada con varias notas sacadas de los Santos Padres y expositores sagrados por el Ilmo. Don Félix Torres Amat | ||
| 700 | 1 | 2 |
_aEscartín, Rosa María _eil. _974354 |
| 700 | 1 | 2 |
_aTorres Amat, Félix _etexto _974355 |
| 700 | 1 | 2 |
_aObstat, Nihil _eint. _974356 |
| 999 |
_c45818 _d45818 |
||